Classical Composers by Compositions - Statistics

General Stats
  • This quiz has been taken 2,093 times
  • The average score is 12 of 15
Answer Stats
Hint Answer % Correct
Fur Elise Ludwig van Beethoven
99%
The Four Seasons Antonio Vivaldi
98%
The Magic Flute Wolfgang Amadeus Mozart
98%
Swan Lake Pyotr Ilyich Tchaikovsky
92%
The Brandenburg Concertos Johann Sebastian Bach
91%
Hallelujah Georg Friedrich Handel
82%
The Blue Danube Johann Strauss II
80%
Peer Gynt Edvard Grieg
76%
Hungarian Dance No. 3 Johannes Brahms
75%
"Surprise" Symphony Joseph Haydn
71%
William Tell Gioachino Rossini
68%
Tristan and Isolde Richard Wagner
66%
Pomp and Circumstance Marches Edward Elgar
59%
Peter and the Wolf Sergei Prokofiev
59%
Kindrszenen Robert Schumann
51%
No matching quizzes found
Score Distribution
Percent of People with Each Score
Percentile by Number Answered
Your Score History
You have not taken this quiz